000 01066aam a2200313 4500
999 _c46095
_d46095
001 768714001
003 CO-MdFUSB
005 20201027155525.0
007 ta
008 200518t1922 enka|||| |||| 00| 0 eng d
020 _a[No incluye ISBN]
040 _bspa.
_aCO-MdFUSB
_cCO-MdFUSB
_dCO-MdFUSBC
_erda
041 _aeng
082 _223
_a226.06
_bB959
100 1 _aBurkitt, F. Crawford
_eautor
245 1 4 _aThe earliest sources for the life of Jesus
_c/ F. Crawford Burkitt
264 1 _aLondres :
_bConstable and Company,
_c[1922]
264 4 _c© 1922
300 _a130 páginas
_c; 20 cm
336 _atexto
_btxt
_2rdacontent
337 _2rdamedia
_asin mediación
_bn
338 _2rdacarrier
_avolumen
_bnc
505 _aConsideraciones preliminares - El problema sinóptico - El evangelio según Marcos - "Fuentes" posibles del Evangelio de Marcos - La composición de Mateo y Lucas
563 _aPasta dura
630 7 _aBiblia.
_pEvangelios
_xCrítica, interpretación, etc.
942 _cBK
945 _aJTF-925